Statystyki dla SL Benfica 2019/2020

Kliknij tutaj aby rozwiązać quiz!

Ogólne statystyki

  • Ten quiz został rozwiązany 41 razy
  • Średni wynik to 8 z 29

Statystyki odpowiedzi

PozycjaImię i Nazwisko% Poprawnych
PomocnikPizzi
69%
NapastnikHaris Seferovic
67%
ObrońcaAlejandro Grimaldo
61%
PomocnikRafa
58%
BramkarzOdysseas Vlachodimos
53%
ObrońcaAndre Almeida
47%
ObrońcaRuben Dias
47%
BramkarzMile Svilar
44%
PomocnikFranco Cervi
33%
PomocnikLjubomir Fejsa
25%
PomocnikAndrija Zivkovic
25%
ObrońcaFerro
25%
ObrońcaJardel
25%
PomocnikAndreas Samaris
25%
PomocnikDavid Tavares
22%
NapastnikCarlos Vinicius
22%
ObrońcaNuno Tavares
22%
ObrońcaTomas Tavares
22%
PomocnikFlorentino
19%
PomocnikGedson
19%
PomocnikAdel Taarabt
17%
PomocnikGabriel
14%
BramkarzIvan Zlobin
14%
NapastnikRaul de Tomas
11%
NapastnikJota
11%
PomocnikChiquinho
11%
ObrońcaGerman Conti
8%
ObrońcaTyronne Ebuehi
6%
PomocnikCaio
3%

Rozkład punktacji

Percentyl według liczby udzielonych odpowiedzi

Procent ludzi z każdym wynikiem

Twoja historia wyników

Nie rozwiązałeś tego quizu